000 00301nam a22001337a 4500
008 180201b xxu||||| |||| 00| 0 eng d
020 _a0443085552
041 _aeng
080 _a61
100 _a2
101 _aANA
245 _aANETHESIA AND CO-EXISTING DISEASE
_cROBERT.K.S
942 _2udc
_cBK
999 _c41496
_d41496